| 000 | 00000nam 2200000za 4500 |
| 001 | 9.816310 |
| 003 | CaOODSP |
| 005 | 20231024150815 |
| 007 | cr ||||||||||| |
| 008 | 160426s1981 onc |o f|0| 0 eng d |
| 020 | |z0-660-10978-6 |
| 040 | |aCaOODSP|beng |
| 041 | |aeng|bfre |
| 043 | |an-cn--- |
| 086 | 1 |aFs41-31/56E-PDF |
| 100 | 1 |aThomson, Richard E. |
| 245 | 10|aOceanography of the British Columbia coast |h[electronic resource] / |c[by] Richard E. Thomson. |
| 260 | |aOttawa : |bDepartment of Fisheries and Oceans, |c1981. |
| 300 | |axii, 291 p. |bmaps, photos, graphs. |
| 490 | 1 |aCanadian Special Publication of Fisheries and Aquatic Sciences, |x0706-6481 ; |v56 |
| 500 | |aThe catalogue number (Fs41-31/56E) and ISBN (0-660-10978-6) for the print edition has been copied in this electronic publication. |
| 504 | |aIncludes bibliographic references. |
| 692 | 07|2gccst|aOceanography |
| 710 | 1 |aCanada. |bDepartment of Fisheries and Oceans. |
| 830 | #0|aCanadian special publication of fisheries and aquatic sciences ;|v56|w(CaOODSP)9.806457 |
| 856 | 40|qPDF|s13.94 MB|uhttps://publications.gc.ca/collections/collection_2016/mpo-dfo/Fs41-31-56-eng.pdf |